000 00763nam a2200217Ii 4500
003 JO-AjNU
008 230605s9999||||xx |||||||||||||| ||und||
017 _a1985/7/302
040 _aJO-AjNU
_bara
_erda
_cJO-AjNU
041 _aara
050 1 4 _aPJ7542.I8.M5652 1985
100 3 _aتأليف الأميري،عمر بهاء الدين,
_eauthor
_918368
245 0 0 _aأذان القرآن
250 _aط1
264 3 1 _aالدوحة:مؤسسة الشرق للعلاقات العامة والنشر والترجمة،1985
300 _a190ص
_bمصور
336 _atext
_btxt
_2rdacontent
337 _aunmediated
_bn
_2rdamedia
338 _avolume
_bnc
_2rdacarrier
650 4 _aشعر إسلامي - الشعر العربي - أذان القرآن
_918369
999 _aA5861
_c9429
_d9429